000 00353 a2200133 4500
001 88104
082 _aPR 343
090 _c41515
_d41515
100 _aAdeel, 016020
245 _aMake a computer program for the heat loading of a room
260 _aRisalpur
_bNUST Risalpur
_c2004
300 _aix, 170p.
_eKhalid Pervaiz
500 _aBE Project Reports
942 _aCAE NUST
_kPR 343
999 _c323177
_d323177